000 00991nam0a22002771 4500
001 rc\4039977
005 20260406095811.0
021 _aRU
_b[49-13162]
035 _a(NLR Aleph) 008098532
090 _a9229088
_c9229088
100 _a20130415d1949 u y0rusy50 ca
101 0 _arus
102 _aRU
105 _aa z |||||
200 1 _aЛес и почва
210 _aМосква
_aЛенинград
_cГослесбумиздат
_d1949
_gФототиполит. ГЛТИ в Л.
215 _a100 с.
_cил.
_d22
300 _aПеред загл. авт.: Б.Д. Зайцев
320 _aБиблиогр.: с. 96-98
606 _aЛесные почвы
_2psbo
700 1 _7ca
_8rus
_aЗайцев
_bБ. Д.
_cканд. с.-х. наук, канд. геол.-минерал. наук
_f1892-
_gБорис Дмитриевич
_3RU\NLR\AUTH\770288228
_92691570
801 0 _aRU
_bNLR
_gpsbo
801 1 _aRU
_bELAR
_2rusmarc
852 _aNLR
_jС60 Г-5/52
942 _cBOOK
980 _aNB